Mangas - Statistiques

Statistiques générales
  • Ce quiz a été pris 147 fois
  • Le résultat moyen est 30 sur 42
Statistiques - réponses
Par images Réponse % Correct
Naruto
96%
Pokemon
96%
One Piece
95%
Dragon Ball Z
93%
Tokyo Ghoul
91%
Hunter X Hunter
90%
Demon Slayer
89%
Bleach
87%
Dr Stone
87%
GTO
87%
Assassination Classroom
86%
One Punch Man
86%
Haikyu
85%
Death Note
83%
My Hero Academia
83%
Sword Art Online
80%
Berserk
79%
Fairy Tail
79%
Food Wars
79%
Jujutsu Kaisen
79%
Seven Deadly Sins
79%
Attaque des Titans
75%
Black Clover
75%
Fullmetal Alchemist
75%
Fire Force
74%
Mashle
74%
Blue Lock
73%
Solo Leveling
72%
Jojo's Bizarre Adventure
71%
The Promised Neverland
68%
Captain Tsubasa
67%
Chainsaw Man
66%
Kuroko no Basket
62%
Chevaliers du Zodiaque
61%
Soul Eater
57%
Black Butler
56%
Eyeshield 21
49%
Shaman King
29%
Air Gear
12%
Dreamland
12%
Negima
11%
Samurai Deeper Kyo
8%
Aucun quiz correspondant
Distribution des résultats
% des personnes avec chaque résultat
Percentile par nombre de réponses
Votre historique - résultats
Vous n’avez pas pris ce quiz